[Event "SM-2013-0-00275"]
[Site "LSS email"]
[Date "2013.11.21"]
[Round "?"]
[White "Canizares Cuadra, Pedro"]
[Black "Sperkin, Viktor Nikolaevich"]
[Result "1/2-1/2"]
[WhiteElo "2229"]
[BlackElo "2262"]
[PlyCount "59"]
[EventDate "2013.09.23"]
[EventType "tourn (corr)"]
[EventRounds "6"]
[EventCountry "GER"]
[SourceTitle "Telechess CBM 167"]
[Source "ChessBase"]
[SourceDate "2015.07.13"]
[SourceVersion "1"]
[SourceVersionDate "2015.07.13"]
[SourceQuality "1"]

1. e4 c5 2. Nf3 d6 3. d4 cxd4 4. Nxd4 Nf6 5. Nc3 a6 6. Bg5 e6 7. f4 Qb6 8. Qd2 Qxb2 9. Rb1 Qa3 10. e5 h6 11. Bh4 dxe5 12. fxe5 Nd5 13. Nxd5 exd5 14. e6 Bxe6 15. Nxe6 fxe6 16. Bd3 Be7 17. Bg6+ Kd8 18. Bxe7+ Qxe7 19. 0-0 Nd7 20. Rf7 Qc5+ 21. Kh1 Rf8 22. Rxg7 Rf6 23. Bd3 Kc7 24. c4 d4 25. Qe2 Raf8 26. Qe4 b6 27. h3 R8f7 28. Rxf7 Rxf7 29. Qxe6 Rf6 30. Qg8 1/2-1/2

[Event "SM-2012-0-00235"]
[Site "LSS email"]
[Date "2012.12.27"]
[Round "?"]
[White "Konstantinov, Maxim"]
[Black "Sperkin, Viktor Nikolaevich"]
[Result "1/2-1/2"]
[WhiteElo "2256"]
[BlackElo "2270"]
[PlyCount "37"]
[EventDate "2012.12.12"]
[EventType "tourn (corr)"]
[EventRounds "6"]
[EventCountry "GER"]
[SourceTitle "Corr 2015"]
[Source "ChessBase"]
[SourceDate "2015.07.17"]
[SourceVersion "1"]
[SourceVersionDate "2015.07.17"]
[SourceQuality "1"]

1. d4 d5 2. c4 c6 3. Nf3 Nf6 4. Nc3 e6 5. e3 Nbd7 6. Qc2 Bd6 7. Be2 0-0 8. 0-0 dxc4 9. Bxc4 b5 10. Bd3 Bb7 11. a3 a5 12. Bd2 Rc8 13. b4 axb4 14. axb4 Bxb4 15. Ne4 Bxd2 16. Nfxd2 Ra8 17. Nb3 Nxe4 18. Bxe4 g6 19. Rxa8 1/2-1/2

[Event "SM-2012-0-00235"]
[Site "LSS email"]
[Date "2012.12.27"]
[Round "?"]
[White "Liamtsau, Valery"]
[Black "Sperkin, Viktor Nikolaevich"]
[Result "1/2-1/2"]
[WhiteElo "2184"]
[BlackElo "2270"]
[PlyCount "34"]
[EventDate "2012.12.12"]
[EventType "tourn (corr)"]
[EventRounds "6"]
[EventCountry "GER"]
[SourceTitle "Corr 2015"]
[Source "ChessBase"]
[SourceDate "2015.07.17"]
[SourceVersion "1"]
[SourceVersionDate "2015.07.17"]
[SourceQuality "1"]

1. d4 d5 2. Nf3 Nf6 3. c4 c6 4. e3 Bf5 5. Nh4 Be6 6. Nd2 g6 7. b3 Bg7 8. Bb2 0-0 9. Be2 Ne4 10. 0-0 Nd7 11. Nhf3 Ndf6 12. Nxe4 Nxe4 13. h3 Rc8 14. Rc1 Bf5 15. Bd3 Nd6 16. cxd5 cxd5 17. Rxc8 Bxc8 1/2-1/2

[Event "SM-2012-0-00235"]
[Site "LSS email"]
[Date "2012.12.27"]
[Round "?"]
[White "Sperkin, Viktor Nikolaevich"]
[Black "Wosch, Arkadiusz Janusz"]
[Result "1/2-1/2"]
[WhiteElo "2270"]
[BlackElo "2176"]
[PlyCount "46"]
[EventDate "2012.12.12"]
[EventType "tourn (corr)"]
[EventRounds "6"]
[EventCountry "GER"]
[SourceTitle "Telechess CBM 161"]
[Source "ChessBase"]
[SourceDate "2014.07.16"]
[SourceVersion "1"]
[SourceVersionDate "2014.07.16"]
[SourceQuality "1"]

1. e4 c5 2. Nf3 Nc6 3. d4 cxd4 4. Nxd4 Nf6 5. Nc3 d6 6. Bg5 e6 7. Qd2 a6 8. 0-0-0 Bd7 9. f3 Be7 10. Be3 h5 11. Kb1 Qc7 12. Nxc6 Bxc6 13. Ne2 0-0 14. Nd4 Bd7 15. Bd3 e5 16. Nf5 Bxf5 17. exf5 d5 18. c3 Rfe8 19. h3 e4 20. Bc2 Bc5 21. Bxc5 Qxc5 22. Qf4 exf3 23. gxf3 Re2 1/2-1/2

[Event "WC-2015-Q-00003"]
[Site "LSS email"]
[Date "2012.09.11"]
[Round "?"]
[White "Sperkin, Viktor Nikolaevich"]
[Black "Bendig, Frank"]
[Result "1/2-1/2"]
[WhiteElo "2261"]
[BlackElo "2148"]
[PlyCount "115"]
[EventDate "2012.09.17"]
[EventType "tourn (corr)"]
[EventRounds "10"]
[EventCountry "GER"]
[SourceTitle "Telechess CBM 167"]
[Source "ChessBase"]
[SourceDate "2015.07.13"]
[SourceVersion "1"]
[SourceVersionDate "2015.07.13"]
[SourceQuality "1"]

1. e4 Nc6 2. Nf3 e5 3. Bb5 Nf6 4. d3 Bc5 5. c3 0-0 6. 0-0 d6 7. Nbd2 Be6 8. Qc2 Bb6 9. Nc4 h6 10. h3 Qd7 11. Qe2 Rfe8 12. Nxb6 axb6 13. a4 Qd8 14. Be3 Bd7 15. Qc2 d5 16. Rfe1 Na7 17. Bxd7 Qxd7 18. exd5 Nxd5 19. Bd2 Nc6 20. b4 f6 21. Rad1 Nce7 22. d4 Qxa4 23. Qe4 f5 24. Qxe5 b5 25. Qg3 Kh8 26. Rc1 Qa6 27. Re5 Qd6 28. Rce1 Qd7 29. Re6 Kh7 30. Bf4 Ra6 31. Rxa6 bxa6 32. Ne5 Qe6 33. Nd3 Qc6 34. Bd2 Ng6 35. Rxe8 Qxe8 36. Qf3 Nge7 37. Qe2 Qg6 38. Nc5 Nc8 39. c4 bxc4 40. Qxc4 Qc6 41. Qd3 g6 42. Nxa6 Nd6 43. Nc5 Qb5 44. Qb3 Qc4 45. Qa4 g5 46. Qd7+ Kg6 47. Ne6 Kf6 48. h4 f4 49. Nc5 Qxd4 50. Qe6+ Kg7 51. Be1 Nf6 52. Qe2 Kf7 53. hxg5 hxg5 54. Ne6 Qd5 55. Nxc7 Qb3 56. Na6 Nde4 57. Nc5 Nxc5 58. bxc5 1/2-1/2

[Event "WC-2015-Q-00003"]
[Site "LSS email"]
[Date "2012.09.11"]
[Round "?"]
[White "Sperkin, Viktor Nikolaevich"]
[Black "Kovacs, Arthur"]
[Result "1/2-1/2"]
[WhiteElo "2261"]
[BlackElo "2471"]
[PlyCount "47"]
[EventDate "2012.09.17"]
[EventType "tourn (corr)"]
[EventRounds "10"]
[EventCountry "GER"]
[SourceTitle "Telechess CBM 167"]
[Source "ChessBase"]
[SourceDate "2015.07.13"]
[SourceVersion "1"]
[SourceVersionDate "2015.07.13"]
[SourceQuality "1"]

1. e4 e5 2. Nf3 Nc6 3. Bb5 a6 4. Ba4 Nf6 5. 0-0 Be7 6. d3 b5 7. Bb3 d6 8. a4 Bd7 9. c3 0-0 10. Bc2 Re8 11. Re1 h6 12. Nbd2 Bf8 13. h3 b4 14. Nc4 Rb8 15. Bd2 Qc8 16. a5 bxc3 17. bxc3 Ne7 18. Rb1 Rxb1 19. Bxb1 Ng6 20. Bc2 Qb7 21. Qb1 Qc8 22. Qd1 Qb7 23. Qb1 Qc8 24. Qd1 1/2-1/2

[Event "WC-2015-Q-00003"]
[Site "LSS email"]
[Date "2012.09.11"]
[Round "?"]
[White "Sperkin, Viktor Nikolaevich"]
[Black "Percze, Rajmond"]
[Result "1/2-1/2"]
[WhiteElo "2261"]
[BlackElo "2334"]
[PlyCount "63"]
[EventDate "2012.09.17"]
[EventType "tourn (corr)"]
[EventRounds "10"]
[EventCountry "GER"]
[SourceTitle "Telechess CBM 167"]
[Source "ChessBase"]
[SourceDate "2015.07.13"]
[SourceVersion "1"]
[SourceVersionDate "2015.07.13"]
[SourceQuality "1"]

1. e4 e5 2. Nf3 Nc6 3. Bb5 a6 4. Ba4 Nf6 5. 0-0 Be7 6. d3 d6 7. c3 0-0 8. Re1 b5 9. Bc2 d5 10. Nbd2 dxe4 11. dxe4 Be6 12. a4 Qc8 13. Qe2 Qb7 14. Bd3 Rab8 15. Nf1 Rfd8 16. Ne3 Rd7 17. b4 h6 18. h3 Bf8 19. Bd2 Ne8 20. Nd5 Nd6 21. Rad1 Rbd8 22. Bc2 Qa8 23. Bc1 Qb7 24. g4 f6 25. Bb3 Rf7 26. Nh4 Ne7 27. Qc2 Bxd5 28. exd5 Nc4 29. Bxc4 bxc4 30. Qe4 Nxd5 31. Qxc4 c6 32. Be3 1/2-1/2

[Event "WC-2015-Q-00003"]
[Site "LSS email"]
[Date "2012.09.11"]
[Round "?"]
[White "Sperkin, Viktor Nikolaevich"]
[Black "Wurschner, Miroslav"]
[Result "1/2-1/2"]
[WhiteElo "2261"]
[BlackElo "2388"]
[PlyCount "51"]
[EventDate "2012.09.17"]
[EventType "tourn (corr)"]
[EventRounds "10"]
[EventCountry "GER"]
[SourceTitle "Telechess CBM 167"]
[Source "ChessBase"]
[SourceDate "2015.07.13"]
[SourceVersion "1"]
[SourceVersionDate "2015.07.13"]
[SourceQuality "1"]

1. e4 c5 2. Nf3 d6 3. d4 cxd4 4. Nxd4 Nf6 5. Nc3 a6 6. h3 g6 7. g4 Bg7 8. Bg2 0-0 9. Be3 Nc6 10. 0-0 Bd7 11. Nde2 Rc8 12. Qd2 b5 13. Rad1 Ne5 14. b3 Bc6 15. g5 Nh5 16. f4 Nd7 17. Bf3 Ba8 18. Bxh5 gxh5 19. Bd4 Bxd4+ 20. Qxd4 Qb6 21. Qxb6 Nxb6 22. a3 Rc5 23. Rf3 h4 24. Kf2 Nd7 25. Rg1 Kh8 26. Re3 1/2-1/2

[Event "WC-2015-Q-00003"]
[Site "LSS email"]
[Date "2012.09.11"]
[Round "?"]
[White "Wurschner, Miroslav"]
[Black "Sperkin, Viktor Nikolaevich"]
[Result "1-0"]
[WhiteElo "2388"]
[BlackElo "2261"]
[PlyCount "67"]
[EventDate "2012.09.17"]
[EventType "tourn (corr)"]
[EventRounds "10"]
[EventCountry "GER"]
[SourceTitle "Telechess CBM 167"]
[Source "ChessBase"]
[SourceDate "2015.07.13"]
[SourceVersion "1"]
[SourceVersionDate "2015.07.13"]
[SourceQuality "1"]

1. e4 c5 2. Nf3 d6 3. d4 cxd4 4. Nxd4 Nf6 5. Nc3 a6 6. f3 e5 7. Nb3 Be6 8. Be3 Nbd7 9. Qd2 h5 10. Nd5 Bxd5 11. exd5 g6 12. Be2 Bg7 13. 0-0 0-0 14. Na5 Qc7 15. c4 e4 16. f4 Ng4 17. Bxg4 hxg4 18. Rab1 b6 19. Nc6 Nb8 20. f5 Nxc6 21. dxc6 Qxc6 22. Qe2 g3 23. hxg3 d5 24. cxd5 Qxd5 25. f6 Bh8 26. g4 Qxa2 27. g5 Rfe8 28. Ra1 Qb3 29. Ra3 Qd5 30. Bf4 e3 31. Rd1 Qf5 32. Rxe3 Rxe3 33. Qxe3 a5 34. Bc7 1-0

[Event "SM-2011-0-00165"]
[Site "LSS email"]
[Date "2011.08.03"]
[Round "?"]
[White "Sciarretta, Robert W"]
[Black "Sperkin, Viktor Nikolaevich"]
[Result "1/2-1/2"]
[WhiteElo "2187"]
[BlackElo "2270"]
[PlyCount "44"]
[EventDate "2011.06.28"]
[EventType "tourn (corr)"]
[EventRounds "6"]
[EventCountry "GER"]
[SourceTitle "Telechess CBM 153"]
[Source "ChessBase"]
[SourceDate "2013.03.14"]
[SourceVersion "1"]
[SourceVersionDate "2013.03.14"]
[SourceQuality "1"]

1. d4 d5 2. c4 c6 3. Nc3 Nf6 4. e3 g6 5. Nf3 Bg7 6. Bd3 0-0 7. 0-0 Bg4 8. h3 Bxf3 9. Qxf3 Qd6 10. Bd2 dxc4 11. Bxc4 Nbd7 12. Rad1 e5 13. a3 Qe7 14. Ba2 a5 15. Rfe1 Rfe8 16. Rc1 Qf8 17. Red1 Qe7 18. Rc2 Red8 19. Be1 exd4 20. exd4 Nb6 21. Re2 Qf8 22. h4 Rd7 1/2-1/2

[Event "SM-2011-0-00155"]
[Site "LSS email"]
[Date "2011.05.15"]
[Round "?"]
[White "Dos Santos, Marcos Antonio Melo"]
[Black "Sperkin, Viktor Nikolaevich"]
[Result "1/2-1/2"]
[WhiteElo "2269"]
[BlackElo "2270"]
[PlyCount "28"]
[EventDate "2011.04.11"]
[EventType "tourn (corr)"]
[EventRounds "6"]
[EventCountry "GER"]
[SourceTitle "Corr 2015"]
[Source "ChessBase"]
[SourceDate "2015.07.17"]
[SourceVersion "1"]
[SourceVersionDate "2015.07.17"]
[SourceQuality "1"]

1. e4 c5 2. Nf3 d6 3. d4 cxd4 4. Nxd4 Nf6 5. Nc3 a6 6. Bg5 Nbd7 7. f4 Qc7 8. Qf3 h6 9. Bxf6 Nxf6 10. f5 Qc5 11. 0-0-0 g5 12. fxg6 Bg4 13. gxf7+ Kxf7 14. Qd3 Bxd1 1/2-1/2

[Event "SM-2011-0-00155"]
[Site "LSS email"]
[Date "2011.05.10"]
[Round "?"]
[White "Sperkin, Viktor Nikolaevich"]
[Black "Sidenko, Anatoly Viktorovich"]
[Result "1/2-1/2"]
[WhiteElo "2270"]
[BlackElo "2289"]
[PlyCount "82"]
[EventDate "2011.04.11"]
[EventType "tourn (corr)"]
[EventRounds "6"]
[EventCountry "GER"]
[SourceTitle "Telechess CBM 153"]
[Source "ChessBase"]
[SourceDate "2013.03.14"]
[SourceVersion "1"]
[SourceVersionDate "2013.03.14"]
[SourceQuality "1"]

1. e4 c5 2. Nf3 d6 3. d4 cxd4 4. Nxd4 Nf6 5. Nc3 a6 6. f3 b5 7. Be3 Bb7 8. Qd2 Nbd7 9. a3 Rc8 10. 0-0-0 e6 11. g4 Nb6 12. Kb1 Be7 13. h4 Nfd7 14. g5 Ne5 15. f4 Nec4 16. Qe1 d5 17. exd5 Nxd5 18. Nxd5 Bxd5 19. Bxc4 bxc4 20. Ne2 Qc7 21. Rf1 0-0 22. Qc3 f5 23. Bd4 Bd6 24. g6 h6 25. Qe3 Rfe8 26. Nc3 Bg2 27. Rf2 Ba8 28. Ka1 Rb8 29. Ba7 Rbc8 30. h5 Bf8 31. Rfd2 Qc6 32. Rf1 Qb7 33. Bd4 Rcd8 34. Rdd1 Rb8 35. Rb1 Rbc8 36. Rf2 Rc7 37. Rbf1 Rcc8 38. Rd2 Rcd8 39. Rdd1 Rb8 40. Rb1 Rbc8 41. Rbd1 Rb8 1/2-1/2

[Event "SM-2011-0-00147"]
[Site "LSS email"]
[Date "2011.03.18"]
[Round "?"]
[White "Cipka, Ivan"]
[Black "Sperkin, Viktor Nikolaevich"]
[Result "1/2-1/2"]
[WhiteElo "2243"]
[BlackElo "2268"]
[PlyCount "64"]
[EventDate "2011.02.08"]
[EventType "tourn (corr)"]
[EventRounds "6"]
[EventCountry "GER"]
[SourceTitle "Telechess CBM 149"]
[Source "ChessBase"]
[SourceDate "2012.07.17"]
[SourceVersion "1"]
[SourceVersionDate "2012.07.17"]
[SourceQuality "1"]

1. e4 c5 2. Nf3 d6 3. d4 cxd4 4. Nxd4 Nf6 5. Nc3 a6 6. Bg5 Nbd7 7. f4 Qc7 8. Qf3 h6 9. Bh4 g5 10. fxg5 hxg5 11. Bxg5 Qc5 12. Qe3 Nh7 13. Nd5 Nb6 14. Nxb6 Qxb6 15. Nb3 Qc6 16. Bf4 e5 17. Bg3 Qxc2 18. Be2 Be7 19. 0-0 Nf6 20. Nd2 Ng4 21. Bxg4 Bxg4 22. b3 Rc8 23. Nc4 Qe2 24. Qb6 Qxe4 25. Nxd6+ Bxd6 26. Qxd6 Qe3+ 27. Bf2 Qf4 28. g3 Rh6 29. Qd3 Bf5 30. Qe3 Qxe3 31. Bxe3 Rh5 32. h4 Rc3 1/2-1/2

[Event "SM-2011-0-00147"]
[Site "LSS email"]
[Date "2011.03.18"]
[Round "?"]
[White "Gusakov, Viktor Vladimirovic"]
[Black "Sperkin, Viktor Nikolaevich"]
[Result "1/2-1/2"]
[WhiteElo "2271"]
[BlackElo "2268"]
[PlyCount "56"]
[EventDate "2011.02.08"]
[EventType "tourn (corr)"]
[EventRounds "6"]
[EventCountry "GER"]
[SourceTitle "Telechess CBM 149"]
[Source "ChessBase"]
[SourceDate "2012.07.17"]
[SourceVersion "1"]
[SourceVersionDate "2012.07.17"]
[SourceQuality "1"]

1. e4 c5 2. Nf3 d6 3. Bb5+ Nc6 4. 0-0 Bd7 5. Re1 Nf6 6. c3 a6 7. Bf1 Bg4 8. d3 e6 9. Nbd2 Be7 10. h3 Bh5 11. g4 Bg6 12. Nh4 Nd7 13. Nxg6 hxg6 14. f4 Bh4 15. Re2 g5 16. f5 Nde5 17. Re3 0-0 18. Bg2 d5 19. exd5 exd5 20. Nf3 Nxf3+ 21. Qxf3 d4 22. Re4 Qd7 23. c4 Rfe8 24. Qf1 Rxe4 25. Bxe4 Re8 26. Bd2 Ne5 27. Rc1 Qd6 28. b3 b5 1/2-1/2

[Event "SM-2011-0-00147"]
[Site "LSS email"]
[Date "2011.03.18"]
[Round "?"]
[White "Sperkin, Viktor Nikolaevich"]
[Black "Baranowski, Tadeusz"]
[Result "1/2-1/2"]
[WhiteElo "2268"]
[BlackElo "2306"]
[PlyCount "59"]
[EventDate "2011.02.08"]
[EventType "tourn (corr)"]
[EventRounds "6"]
[EventCountry "GER"]
[SourceTitle "Telechess CBM 149"]
[Source "ChessBase"]
[SourceDate "2012.07.17"]
[SourceVersion "1"]
[SourceVersionDate "2012.07.17"]
[SourceQuality "1"]

1. e4 c5 2. Nf3 d6 3. d4 cxd4 4. Nxd4 Nf6 5. Nc3 a6 6. Be2 e5 7. Nb3 Be7 8. Be3 Be6 9. 0-0 0-0 10. Qd3 Nbd7 11. Nd5 Bxd5 12. exd5 Nc5 13. Nxc5 dxc5 14. c4 e4 15. Qc3 Qc7 16. f4 Ne8 17. g4 Nd6 18. Rac1 Bf6 19. Qd2 h6 20. b3 a5 21. Kh1 b6 22. a4 g6 23. Rg1 Kg7 24. Rg3 Qe7 25. Rh3 Rfd8 26. Rf1 Rh8 27. Kg2 Kf8 28. f5 g5 29. Bd1 Ke8 30. Rh5 1/2-1/2

[Event "RM-2011-0-00070"]
[Site "LSS email"]
[Date "2011.03.05"]
[Round "?"]
[White "Szabo, Mihaly"]
[Black "Sperkin, Viktor Nikolaevich"]
[Result "1/2-1/2"]
[WhiteElo "2155"]
[BlackElo "2206"]
[PlyCount "59"]
[EventDate "2011.01.19"]
[EventType "tourn (corr)"]
[EventRounds "6"]
[EventCountry "GER"]
[SourceTitle "Telechess CBM 147"]
[Source "ChessBase"]
[SourceDate "2012.03.16"]
[SourceVersion "1"]
[SourceVersionDate "2012.03.16"]
[SourceQuality "1"]

1. e4 c5 2. Nf3 d6 3. d4 cxd4 4. Nxd4 Nf6 5. Nc3 a6 6. Be3 e5 7. Nb3 Be7 8. Be2 Be6 9. Qd3 Nc6 10. 0-0 0-0 11. a3 Rc8 12. Nd5 Bxd5 13. exd5 e4 14. Qd2 Ne5 15. c3 Qd7 16. Qd4 Qf5 17. Rfd1 Neg4 18. Bxg4 Nxg4 19. Nd2 Nf6 20. c4 Bd8 21. h3 b6 22. Rf1 Re8 23. Rae1 Nd7 24. Qc3 Qg6 25. Bd4 f5 26. f3 Bg5 27. fxe4 fxe4 28. Be3 Bf6 29. Bd4 Bg5 30. Be3 1/2-1/2